Regional report (Record no. 81863)

MARC details
000 -LEADER
fixed length control field 00973cab a22002295a 4500
001 - CONTROL NUMBER
control field L148477
008 - FIXED-LENGTH DATA ELEMENTS--GENERAL INFORMATION
fixed length control field 090922e20090918xxkdo f 000 0 eng d
035 ## - SYSTEM CONTROL NUMBER
System control number (Sirsi) u148477
041 0# - LANGUAGE CODE
Language code of text/sound track or separate title eng
100 1# - MAIN ENTRY--PERSONAL NAME
Personal name Shah, Aditi
245 00 - TITLE STATEMENT
Title Regional report
Remainder of title Herts, Beds and Bucks
260 ## - PUBLICATION, DISTRIBUTION, ETC.
Date of publication, distribution, etc. 2009
490 #0 - SERIES STATEMENT
Series statement Property Week
Volume/sequential designation 75(38) 18 September 2009, 69-75(5)
520 ## - SUMMARY, ETC.
Summary, etc. BT offices in Watford sold at 9.43% yield is the region's largest investment transaction in 2009 so far. Retail centres in Watford, Milton Keynes, Letchworth, High Wycombe and Aylesbury are battling to become the region's dominant shopping venue. The shift towards owner-occupation of offices in Hertfordshire is being led by the charitable and social housing sectors. Table.
590 ## - LOCAL NOTE (RLIN)
Local note KA
651 #4 - SUBJECT ADDED ENTRY--GEOGRAPHIC NAME
Geographic name Hertfordshire
651 #4 - SUBJECT ADDED ENTRY--GEOGRAPHIC NAME
Geographic name Bedfordshire
651 #4 - SUBJECT ADDED ENTRY--GEOGRAPHIC NAME
Geographic name Buckinghamshire
690 ## - LOCAL SUBJECT ADDED ENTRY--TOPICAL TERM (OCLC, RLIN)
Topical term or geographic name as entry element PROPERTY-COMMERCIAL PROPERTY-COMMERCIAL PROPERTY MARKET
700 1# - ADDED ENTRY--PERSONAL NAME
Personal name Duxbury, Nick
942 ## - ADDED ENTRY ELEMENTS (KOHA)
Suppress in OPAC 0
Holdings
Withdrawn status Lost status Source of classification or shelving scheme Damaged status Not for loan Home library Current library Shelving location Date acquired Total Checkouts Full call number Barcode Date last seen Copy number Price effective from Koha item type
    Dewey Decimal Classification     London London Journal article 22/09/2009   L148477 148477-1001 06/08/2019 1 06/08/2019 Journal article